Moskovskije matematičeskije olimpiady /

Gespeichert in:
Bibliographische Detailangaben
1. Verfasser: Gaľcerin, G.A (Verfasst von)
Format: Buch
Sprache:Russisch
Veröffentlicht: Moskva : Prosveščenije, 1986
Ausgabe:1.vyd.
Tags: Tag hinzufügen
Keine Tags, Fügen Sie das erste Tag hinzu!

MARC

LEADER 00000nam a22000003a 4500
001 stu8441
005 20150617225805.8
008 960122s1986----xxr-----------------rus-d
040 |a STU  |b slo 
041 0 |a rus 
044 |a xxr 
080 |a 51(079)  |7 stu_us_auth*stu16396 
100 1 |a Gaľcerin, G.A  |4 aut 
245 1 |a Moskovskije matematičeskije olimpiady /  |c [aut.] Gaľcerin,G.A 
250 |a 1.vyd. 
260 |a Moskva :  |b Prosveščenije,  |c 1986 
300 |a 301 s 
996 |b E62361  |c E*62361  |l EE03  |s P  |a 0  |w stu8441_0001